| 000 | 00338cam a22001097a 4500 | ||
|---|---|---|---|
| 008 | 180718b1963 xxu||||| |||| 00| 0 eng d | ||
| 082 | _aXA37x73 Un3 | ||
| 100 | _aSchorr, Alvin L | ||
| 245 |
_aSlums and social insecurity : an appraisal _cby Alvin L. Schorr |
||
| 260 |
_aWashington, D.C. _bGovernment Printing Office _c1963 |
||
| 300 | _a168+p. | ||
| 999 |
_c498892 _d498892 |
||